Glauconite in the Cambrian-Ordovician Bliss formation near Silver City, New Mexico, (Record no. 29650)
[ view plain ]
| 000 -LEADER | |
|---|---|
| fixed length control field | 01019cam a22002771 4500 |
| 001 - CONTROL NUMBER | |
| control field | gs 62000275 |
| 003 - CONTROL NUMBER IDENTIFIER | |
| control field | DLC |
| 005 - DATE AND TIME OF LATEST TRANSACTION | |
| control field | 20260227111411.0 |
| 008 - FIXED-LENGTH DATA ELEMENTS--GENERAL INFORMATION | |
| fixed length control field | 780922s1962 nmua 000 0 eng |
| 010 ## - LIBRARY OF CONGRESS CONTROL NUMBER | |
| LC control number | gs 62000275 |
| 035 ## - SYSTEM CONTROL NUMBER | |
| System control number | (OCoLC)4247334 |
| 040 ## - CATALOGING SOURCE | |
| Original cataloging agency | DLC |
| Transcribing agency | TxEU |
| Modifying agency | DLC |
| 042 ## - AUTHENTICATION CODE | |
| Authentication code | premarc |
| 050 00 - LIBRARY OF CONGRESS CALL NUMBER | |
| Classification number | TN24.N6 |
| Item number | A235 no. 59 |
| 100 1# - MAIN ENTRY--PERSONAL NAME | |
| Personal name | Lewis, Douglas W. |
| 245 10 - TITLE STATEMENT | |
| Title | Glauconite in the Cambrian-Ordovician Bliss formation near Silver City, New Mexico, |
| Statement of responsibility, etc. | by Douglas W. Lewis. |
| 260 ## - PUBLICATION, DISTRIBUTION, ETC. | |
| Place of publication, distribution, etc. | Socorro, |
| Name of publisher, distributor, etc. | State Bureau of Mines & Mineral Resources, New Mexico Institute of Mining & Technology, |
| Date of publication, distribution, etc. | 1962. |
| 300 ## - PHYSICAL DESCRIPTION | |
| Extent | vi, 30 p. |
| Other physical details | maps, |
| Dimensions | 28 cm. |
| 490 1# - SERIES STATEMENT | |
| Series statement | New Mexico. Bureau of Mines and Mineral Resources. Circular |
| Volume/sequential designation | 59 |
| 504 ## - BIBLIOGRAPHY, ETC. NOTE | |
| Bibliography, etc. note | Bibliography: p. 28-30. |
| 650 #0 - SUBJECT ADDED ENTRY--TOPICAL TERM | |
| Topical term or geographic name entry element | Glauconite. |
| 650 #0 - SUBJECT ADDED ENTRY--TOPICAL TERM | |
| Topical term or geographic name entry element | Geology |
| Geographic subdivision | New Mexico. |
| 650 #0 - SUBJECT ADDED ENTRY--TOPICAL TERM | |
| Topical term or geographic name entry element | Geology, Stratigraphic |
| Chronological subdivision | Cambrian. |
| 650 #0 - SUBJECT ADDED ENTRY--TOPICAL TERM | |
| Topical term or geographic name entry element | Geology, Stratigraphic |
| Chronological subdivision | Ordovician. |
| 830 #0 - SERIES ADDED ENTRY--UNIFORM TITLE | |
| Uniform title | Circular (New Mexico. Bureau of Mines and Mineral Resources) ; |
| Volume/sequential designation | 59. |
No items available.